Представление документа в формате RUSMARC

ПолеНазваниеЗначение
  Тип записи i
  Библиографический уровень m
001 Контрольный номер RU\NLR\BIBL_A\012215377
005 Дата корректировки 20241022093932.3
010 Индекс ISBN __
a ISBN 978-5-9677-2882-2
b Уточнения в кор.
d Цена 263-00
100 Данные общей обработки __
a Данные общей обработки 20200211d2019####d y0rusy028902 ca
101 Язык документа 0_
a Язык текста rus
102 Страна публикации __
a Страна публикации RU
106 Кодированные данные (форма документа) __
a Кодированные данные для формы документа (Обозначение носителя) s
126 Кодированные данные (звукозаписи-физические характеристики) __
a Кодированные данные звукозаписи (общие) аgbхhхх сd
127 Кодированные данные (звукозаписи-физические характеристики) __
a Продолжительность проигрывания 0815##
135 Кодированные данные (электронные ресурсы) __
a Кодированные данные (электронные ресурсы) aongannnauuuu
139 Кодированные данные (электронные ресурсы) __
a Кодированные данные (электронные ресурсы) caz |||
181 Поле кодированных данных: вид содержания _0
a Код вида содержания (ISBD) h
182 Поле кодированных данных: тип средства _0
a Код типа средства (ISBD) a
200 Заглавие и сведения об ответственности 1_
a Заглавие Москвест
e Сведения, относящиеся к заглавию роман-сказка : [аудиокнига]
f Первые сведения об ответственности Андрей Жвалевский, Евгения Пастернак
g Последующие сведения об ответственности исполнитель Наталья Истарова
g Последующие сведения об ответственности звукорежиссер и автор музыки Джизаир Умеров
g Последующие сведения об ответственности продюсер Константин Барышев
203 Вид содержания и тип средства __
a Вид содержания Устная речь
c Тип средства аудио
210 Выходные данные 1_
a Место издания Москва
c Издательство 1С-Паблишинг
d Дата издания 2019
215 Физическое описание __
a Объем 1 электрон. опт. диск (CD-ROM) (8 ч. 15 мин.)
c Иллюстрации/тип воспроизводства зв.
d Формат 12 см
225 Серия 1_
a Серия 1С: Аудиокниги
300 Общие примечания __
a Общие примечания Заглавие с этикетки диска
300 Общие примечания __
a Общие примечания Данные в формате MP3
330 Аннотация __
a Аннотация Андрей Валентинович Жвалевский и Евгения Борисовна Пастернак - успешный писательский тандем, обладатели многих литературных премий. Вам предлагается их захватывающая книга-квест о путешествии во времени. Современные подростки Миша и Маша случайно встречаются в Александровском саду. Оба отстали от своих классов, пришедших на экскурсию в Кремль. Впрочем, школьники не сильно об этом жалеют, потому что, как заявил во всеуслышание Миша: "История - это отстой". И вот их отбрасывает во времени аж на десять веков назад. Оказались они вроде на том же месте, только ни сада, ни крепости там не было - лишь пара покосившихся избушек. Еще бы, ведь до первого упоминания Москвы в летописях оставалось еще столетие! Теперь главным героям придется искать способы перемещения во времени вперед, чтобы вернуться в свой родной XXI век. Для этого они будут вынуждены сильно напрячь свою память, выискивая в ней жалкие крупицы исторических знаний, чтобы сориентироваться, в какую эпоху они попали и что вокруг происходит.
333 Примечание о целевом назначении __
a Примечание о целевом назначении 6+. Для детей старше шести лет
337 Примечание о системных требованиях (электронные ресурсы) __
a Примечание о системных требованиях (электронные ресурсы) Системные требования: персональный компьютер ; Pentium 100 ; ОЗУ 16 Мб ; MS Windows 95/98/2000/XP/Vista/7/8/10 ; монитор SVGA, 800х600 ; звуковая карта ; CD/DVD-ROM, колонки или наушники, мышь
606 Тематические рубрики __
a Основная рубрика Художественная литература
606 Тематические рубрики __
a Основная рубрика Современная русская литература (произведения)
610 Ключевые слова 0_
a Ключевые слова подростковая литература
610 Ключевые слова 0_
a Ключевые слова романы
610 Ключевые слова 0_
a Ключевые слова фэнтези
610 Ключевые слова 0_
a Ключевые слова фэнтези
610 Ключевые слова 0_
a Ключевые слова тема подростков
610 Ключевые слова 0_
a Ключевые слова детская литература
610 Ключевые слова 0_
a Ключевые слова тема прошлого
610 Ключевые слова 0_
a Ключевые слова тема будущего
610 Ключевые слова 0_
a Ключевые слова тема времени
610 Ключевые слова 0_
a Ключевые слова тема путешествий во времени
610 Ключевые слова 0_
a Ключевые слова тема любви
610 Ключевые слова 0_
a Ключевые слова тема взаимоотношений
610 Ключевые слова 0_
a Ключевые слова тема истории
610 Ключевые слова 0_
a Ключевые слова попаданцы
686 Индексы других классификаций __
a Классификационный индекс 84(2=411.2)6-4я04; ст84(2=411.2)6-4я0
2 Код системы rubbks
700 Автор _1
a Фамилия Жвалевский
b Имя А. В.
f Даты 1967-
g Полное личное имя Андрей Валентинович
3 Контрольный № нормативной записи RU\NLR\AUTH\7721526
4 Код отношения 070
701 Альтернативная интеллектуальная ответственность _1
a Фамилия Пастернак
b Имя Е. Б.
f Даты 1972-
g Полное личное имя Евгения Борисовна
3 Контрольный № нормативной записи RU\NLR\AUTH\7784011
4 Код отношения 070
702 Вторичная интеллектуальная ответственность _1
a Фамилия Истарова
b Имя Н.
g Полное личное имя Наталья
4 Код отношения 590
702 Вторичная интеллектуальная ответственность _1
a Фамилия Умеров
b Имя Д.
g Полное личное имя Джизаир
4 Код отношения 570
4 Код отношения 230
702 Вторичная интеллектуальная ответственность _1
a Фамилия Барышев
b Имя К.
g Полное личное имя Константин
4 Код отношения 665
801 Источник записи _0
a Страна RU
b Организация NLR
c Дата составления 20200211
g Правила каталогизации RCR
801 Источник записи _1
a Страна RU
b Организация NLR
c Дата составления 20200211
2 Код формата rusmarc
g Правила каталогизации PSBO
801 Источник записи _2
a Страна RU
b Организация NLR
c Дата составления 20200806
2 Код формата rusmarc
g Правила каталогизации PSBO
852 Данные о местонахождении __
i Авторский знак Ж 41
j Шифр хранения 84(2=411.2)6-4я04
899 Данные о местонахождении __
a Местонахождение ЦБС Сургут
900 Макрообъекты __
a Макрообъекты Москвест. Роман-сказка, 2019 г (эл. ресурс)
901 Тип документа __
a Ответственный КиК/Мамарузиева
t Тип документа 0
903 Характеристики (МАРС) __
a Дата передачи 20210203
c Наименование библиотеки (МАРС) Муниципальное бюджетное учреждение культуры "Централизованная библиотечная система" г. Сургут (Центральная городская библиотека им. А. С. Пушкина)
969 Тип издания __
a Тип издания издание для детей
a Тип издания издание для слепых
a Тип издания аудиокнига
990 Данные о заказе (DOS) __
j Количество экземпляров (DOS) 3
t N записи в КСУ для И/У (DOS) 202102